000 00668nam a2200229Ia 4500
003 OSt
005 20230523110311.0
008 210423s2016 xx 000 0 und d
020 _a978-93-86105-02-8
040 _cAL
041 _aeng
082 _a332.02 TYAI
100 _aTYAGI (Deepmala);DHODI (Sonia)
_9111098
245 _aIBPS CWE PO/MT-VI preliminary 2016: model guess papers
260 _aNew Delhi
_bSource Books
_c2016
300 _avii,264
_bPB
365 _b225
_cINR
650 _aEconomics
_9111099
650 _aFinancial Economics
_9111100
906 _a2016: ; CWE ; guess ; IBPS ; model ; papers ; PO/MT-VI ; preliminary
942 _2ddc
_cBK
999 _c167907
_d167907